| 000 | 00393nam a2200169Ia 4500 | ||
|---|---|---|---|
| 003 | STCL | ||
| 008 | 181203s9999 xx 000 0 und d | ||
| 020 | _a9780670089369 | ||
| 040 |
_aSTCL _bEN _cSTCL |
||
| 082 | _222 | ||
| 100 | _aGuha, Ramachandra | ||
| 245 | 0 | _aDemocrats And Dissenters | |
| 260 |
_bPenguin Books _aHaryana _c2016 |
||
| 300 | _a317 | ||
| 546 | _aEnglish | ||
| 942 |
_2ddc _cBK |
||
| 999 |
_c86931 _d86931 |
||